|
|
|
|
| LEADER |
01259nam a2200337 a 4500 |
| 001 |
34969 |
| 003 |
BD-DhAAL |
| 005 |
20190730140249.0 |
| 008 |
980629r20 1999enkb b 001 0 eng |
| 999 |
|
|
|c 40772
|d 40772
|
| 010 |
|
|
|a 98030080
|
| 020 |
|
|
|a 0521404770
|
| 020 |
|
|
|a 9780521543293
|
| 020 |
|
|
|a 0521543290
|
| 040 |
|
|
|a DLC
|c DLC
|d DLC
|d BD-DhAAL
|
| 043 |
|
|
|a a-ii---
|
| 050 |
0 |
0 |
|a DS459
|b .J27 1999
|
| 082 |
0 |
0 |
|a 954.56023
|2 21
|
| 100 |
1 |
|
|a Jackson, Peter,
|d 1948 January 27-
|9 33297
|
| 245 |
1 |
4 |
|a The Delhi Sultanate :
|b a political and military history /
|c Peter Jackson.
|
| 250 |
|
|
|a First paperback edition
|
| 260 |
|
|
|a Cambridge ;
|a New York, NY :
|b Cambridge University Press,
|c c1999 [reprinted 2000]
|
| 300 |
|
|
|a xx, 367 pages :
|b maps ;
|c 23 cm.
|
| 490 |
|
|
|a Cambridge studies in Islamic civilization
|
| 504 |
|
|
|a Includes bibliographical references (p. 339-350) and index.
|
| 526 |
|
|
|a ENH
|
| 541 |
|
|
|a Trim Education
|e 34969
|
| 651 |
|
0 |
|a Delhi (Sultanate)
|x History.
|9 33298
|
| 852 |
|
|
|a Ayesha Abed Library
|c General Stacks
|
| 942 |
|
|
|2 ddc
|c BK
|
| 952 |
|
|
|0 0
|1 0
|2 ddc
|4 0
|6 954_560230000000000_JAC
|7 0
|9 65893
|a BRACUL
|b BRACUL
|c GEN
|d 2019-07-25
|e Trim Education
|g 4665.00
|l 0
|o 954.56023 JAC
|p 3010034969
|r 2019-07-25
|t 1
|v 4665.00
|w 2019-07-25
|y BK
|